| 000 | 02102nam a2200469 i 4500 | ||
|---|---|---|---|
| 001 | DIGARTEP0167 | ||
| 003 | NyNyDIG | ||
| 007 | cr ||||||||||| | ||
| 008 | 221213s2010 txua co 000 j eng d | ||
| 006 | m o d | ||
| 035 | _a(OCoLC)853717240 | ||
| 040 |
_aDGITA _beng _erda _epn _cDGITA |
||
| 020 |
_a9781558859746 _qeBook |
||
| 020 | _z9781558855861 | ||
| 041 | 1 |
_aeng _aspa _heng |
|
| 050 | 1 | 4 | _aPZ74.1 ebook |
| 100 | 1 |
_aLuna, James _q(James G.), _d1962- _eauthor. |
|
| 245 | 1 | 4 |
_aThe runaway piggy / _cby James Luna ; illustrations by Laura Lacámara ; Spanish translation by Carolina Villarroel = El cochinito fugitivo / por James Luna ; ilustraciones de Laura Lacámara ; traducción al español de Carolina Villarroel. |
| 246 | 3 | 1 | _aCochinito fugitivo |
| 264 | 1 |
_aHouston, Texas : _bPiñata Books : _bArte Público Press, _c[2010] |
|
| 300 |
_a1 online resource : _bcolor illustrations. |
||
| 336 |
_atext _btxt _2rdacontent |
||
| 337 |
_acomputer _bc _2rdamedia |
||
| 338 |
_aonline resource _bcr _2rdacarrier |
||
| 347 |
_atext file _2rdaft |
||
| 347 | _bPDF | ||
| 546 | _aText in English and Spanish. | ||
| 588 | 0 | _aOnline resource; title from PDF title page (Digitalia, viewed December 13, 2022) | |
| 650 | 0 |
_aCookies _vJuvenile fiction. |
|
| 655 | 7 |
_aShort stories. _2lcgft |
|
| 700 | 1 |
_aLacámara, Laura, _eillustrator. |
|
| 700 | 1 |
_aVillarroel, Carolina, _d1971- _etranslator. |
|
| 700 | 1 |
_iTranslation of: _aLuna, James _q(James G.), _d1962- _tRunaway piggy. |
|
| 700 | 1 | 2 |
_iContainer of (work): _aLuna, James _q(James G.), _d1962- _tRunaway piggy. |
| 700 | 1 | 2 |
_iContainer of (expression): _aLuna, James _q(James G.), _d1962- _tRunaway piggy. _lSpanish _s(Villarroel) |
| 791 | 2 |
_aDigitalia (Firm), _edistributor. |
|
| 793 | 0 |
_gDigitalia eBook Collection: _aArte Publico Press |
|
| 776 | 0 | 8 |
_iPrint version: _aLuna, James (James G.), 1962- _tRunaway piggy. _dHouston, Texas : Piñata Books : Arte Público Press, [2010] _z9781558855861 |
| 856 | 4 | 0 |
_3Digitalia Hispánica _uhttps://www.digitaliapublishing.com/a/23187/ |
| 910 | _aPremium collection: 2022 | ||
| 942 | _cRAA | ||
| 999 |
_c237524 _d237524 |
||